00489nam a2200193 a 4500001001300000003000900013005001700022008004100039020000900080082001600089100002600105245002500131260004300156300000900199500003500208505001000243650001600253700002600269nice12345678IN_TiNIC20260116013852.0050524s1999 luca grp 000 0 urd  ac7000a297.7bNAD1 aNadvi, Abul Hasan Ali aDaawat-E-Fikr-O-Amal aLucknowbMajlis Tahqiqat-E-Islamc1999 a231p aincludes index and biblioraphy2 aNotes aDawah-Islam1 aNadvi, Abul Hasan Ali